Indian states and their official languages - Statistics

General Stats
  • This quiz has been taken 582 times
  • The average score is 25 of 29
Answer Stats
State Official Language 1 Official Language 2 Official Language 3 % Correct
Bihar Hindi Urdu
98%
Chhatisgarh Hindi
98%
Haryana Hindi Punjabi
98%
Himachal Pradesh Hindi English
98%
Jharkhand Hindi Urdu
98%
Madhya Pradesh Hindi
98%
Rajasthan Hindi English
98%
Uttar Pradesh Hindi Urdu
98%
Uttarakhand Hindi
98%
Tamil Nadu Tamil English
92%
Tripura Bengali English Kokborok
90%
West Bengal Bengali English
90%
Punjab Punjabi
89%
Arunachal Pradesh English
88%
Meghalaya English Khasi Garo
88%
Nagaland English
88%
Sikkim English
88%
Maharashtra Marathi
86%
Andhra Pradesh Telugu
86%
Telangana Telugu Urdu
86%
Gujarat Gujarati
84%
Jammu and Kashmir Urdu
83%
Karnataka Kannada English
78%
Kerala Malayalam
77%
Assam Assamese Bengali
75%
Odisha Odia English
61%
Manipur Manipur English
60%
Goa Konkani Marathi
55%
Mizoram Mizo English Hindi
46%
No matching quizzes found
Score Distribution
Percent of People with Each Score
Percentile by Number Answered
Your Score History
You have not taken this quiz